| 000 | 00755cab a2200265 4500 | ||
|---|---|---|---|
| 001 | WB3047-09 | ||
| 008 | 090401t1994 xxu||||| |||| 00| 0 eng d | ||
| 035 | _a(Sirsi) u29794 | ||
| 041 | _aeng | ||
| 100 | _aLondon, S. | ||
| 245 | _aDocklands dreams again | ||
| 260 | _c1994 | ||
| 350 | _a0 | ||
| 490 |
_aFinancial Times _v16 December 1994, 15(1) |
||
| 520 | _aReports on recent signs of optimism in London Docklands. Considers the effect on the market in the City. | ||
| 650 | _aCANARY WHARF | ||
| 650 | _aEAST LONDON | ||
| 650 | _aLDDC | ||
| 650 | _aLONDON DOCKLANDS | ||
| 650 | _aOFFICE SPACE | ||
| 650 | _aSUPPLY AND DEMAND | ||
| 690 | _aPROPERTY-COMMERCIAL PROPERTY-COMMERCIAL PROPERTY MARKET | ||
| 942 | _n0 | ||
| 948 | _c04/03/1997 | ||
| 999 |
_c20038 _d20038 |
||